Statistics for Name that Premier League Manager

Click here to take the quiz!

General Stats

  • This quiz has been taken 66 times
  • The average score is 49 of 100

Answer Stats

Answer% Correct
Arsène Wenger
98%
Sir Alex Ferguson
96%
José Mourinho
95%
David Moyes
89%
Mauricio Pochettino
89%
Harry Redknapp
88%
Jürgen Klopp
86%
Gareth Southgate
84%
Brendan Rodgers
81%
Carlo Ancelotti
81%
Rafael Benítez
81%
Pep Guardiola
79%
Sam Allardyce
77%
Roy Keane
77%
Claudio Ranieri
77%
Roy Hodgson
75%
Louis van Gaal
74%
Ole Gunnar Solskjær
74%
Antonio Conte
72%
Sean Dyche
72%
Ronald Koeman
72%
Roberto Mancini
70%
Roberto Martínez
68%
Eddie Howe
68%
Mark Hughes
68%
Manuel Pellegrini
68%
Kenny Dalglish
67%
Steve Bruce
65%
Gianfranco Zola
65%
Neil Warnock
65%
Roberto Di Matteo
63%
Nigel Pearson
60%
Martin O'Neill
60%
Chris Hughton
60%
Alan Pardew
60%
Glenn Hoddle
58%
Tim Sherwood
58%
Kevin Keegan
58%
Ruud Gullit
56%
Andre Villas-Boas
54%
Scott Parker
54%
Brian Clough
54%
Sir Bobby Robson
54%
Stuart Pearce
54%
Luiz Felipe Scolari
54%
Avram Grant
53%
Mick McCarthy
53%
Gus Poyet
51%
Ian Holloway
51%
Gérard Houllier
51%
Chris Coleman
51%
Marco Silva
49%
Sven-Göran Eriksson
49%
Frank de Boer
47%
Gordon Strachan
47%
Martin Jol
46%
Ron Atkinson
46%
Bryan Robson
46%
Ray Wilkins
44%
Paolo Di Canio
44%
Daniel Farke
44%
Alex McLeish
44%
Joe Kinnear
42%
Paul Lambert
40%
Graham Taylor
40%
Graham Potter
39%
Mike Phelan
39%
Gianluca Vialli
39%
Sammy Lee
37%
Steve McClaren
37%
Phil Brown
37%
Sir Trevor Brooking
37%
Roy Evans
35%
Steve Coppell
35%
Steve Clarke
35%
Owen Coyle
33%
Osvaldo Ardiles
32%
Nigel Adkins
30%
Nigel Worthington
26%
George Graham
25%
Malky Mackay
25%
Steve Kean
23%
Dick Advocaat
23%
Terry Connor
21%
Jean Tigana
21%
Phil Neal
21%
Quique Sánchez Flores
19%
Brian McDermott
18%
Felix Magath
18%
Mauricio Pellegrino
18%
Juande Ramos
18%
Christian Gross
14%
John Carver
12%
Roy McFarland
11%
Doug Livermore
9%
Alan Irvine
9%
Walter Mazzarri
7%
Bruce Rioch
7%
Pepe Mel
7%
Slaviša Jokanović
5%

Score Distribution

Percentile by Number Answered

Percent of People with Each Score

Your Score History

You have not taken this quiz